000 00684nam a2200241Ia 4500
003 OSt
005 20220918223731.0
006 a|||||r|||| 00| 0
007 ta
008 220917b |||||||| |||| 00| 0 eng d
024 _a224,922
037 _cTextual
040 _aARTS
_cARTS
_beng
041 _2eng
_aeng
082 _aY15.5925, P3
100 _aTrue Jacqui
_9146545
245 0 _aGender, gloibalization, and postsocialism
_b The Czech Republic after communism
260 _aNew York
_bColumbia University Press
_c2003
300 _axi, 241p.
_ccm.
650 _aSOCIOLOGY
942 _hY15.5925, P3
_cTEXL
_2CC
999 _c279346
_d279346